Management-Enzyklopädie Das Managementwissen unserer Zeit in 6. Bänden

Saved in:
Bibliographic Details
Format: Book
Language:German
Published: München Verlag moderne industrie 1969
Tags: Add Tag
No Tags, Be the first to tag this record!

MARC

LEADER 00000nam a2200000 4500
001 c121304
005 20041019155222.1
041 0 |a ger 
044 |a DE 
245 1 0 |a Management-Enzyklopädie  |b Das Managementwissen unserer Zeit in 6. Bänden 
264 1 |a München  |b Verlag moderne industrie  |c 1969 
300 |a 1355 s.